• 首页
  • 本馆介绍
  • 公告通知
  • 最新文献
  • 馆藏检索
  • 电子资源
  • 读者导购
  • 参考咨询
  • 我的图书馆
  • 登录
  • 详细信息显示
  • 放入我的书架
  • 预约/预借图书
  • 作者相关作品
  • 分类相关作品
  • 丛书相关作品
  • 出版社相关作品

书目信息

  • 表格格式
  • 工作单格式
  • 卡片格式
题名:
快乐一嘉
    
 
作者: 李维嘉 著
分册:  
出版信息: 北京   北京联合出版公司  2015
页数: 245页
开本: 25cm
丛书名:
单 册:
中图分类: K825.42
科图分类:
主题词: 电视节目--节目主持人--自传--中国--现代
电子资源:
ISBN: 978-7-5502-4071-1
000 00798nam0 2200241 45
001 012001000973
005 20140920091302.0
010    @a978-7-5502-4071-1@b精装@dCNY48.00
100    @a20150310d2015 em y0chiy50 ea
101 0  @achi
102    @aCN@b110000
105    @aa z 000ya
106    @ar
200 1  @a快乐一嘉@9Kuai Le Yi Jia@f李维嘉著
210    @a北京@c北京联合出版公司@d2015
215    @a245页@c照片@d25cm
330    @a本书介绍了著名电视节目主持人李维嘉的生平事迹,包括梦开始的地方、感谢生命中的逆风而行、生命不熄,折腾不止、生活在聚光灯下等内容。
606 0  @a电视节目@x节目主持人@x自传@y中国@z现代
610 0  @a李维嘉(1976- )
690    @aK825.42@v5
701  0 @a李维嘉@9Li Wei Jia@f(1976-)@4著
801  0 @aCN@b上海新华@c20180901
905    @b1042665-69@dK825.42@e1139@f5
    
    快乐一嘉/李维嘉著.-北京:北京联合出版公司,2015
    245页:照片;25cm
    
    
    ISBN 978-7-5502-4071-1(精装):CNY48.00
    本书介绍了著名电视节目主持人李维嘉的生平事迹,包括梦开始的地方、感谢生命中的逆风而行、生命不熄,折腾不止、生活在聚光灯下等内容。
●
相关链接 在E读中查询图书 在五车中查询图书 在当当中查询图书 在豆瓣中查询图书


正题名:快乐一嘉     索取号:K825.42/1139         预约/预借

序号 登录号 条形码 馆藏地/架位号 状态 备注
1 1042665   210426653   第二样本阅览室/ [索取号:K825.42/1139] 在馆    
2 1042666   210426662   密集书库-史法系/ [索取号:K825.42/1139] 在馆    
3 1042667   210426671   第二借阅区/ [索取号:K825.42/1139] 在馆    
4 1042668   210426680   第二借阅区/ [索取号:K825.42/1139] 在馆    
5 1042669   210426699   第二借阅区/ [索取号:K825.42/1139] 在馆    
唐山师范学院图书馆 欢迎您!
大连网信软件有限公司© 版权所有